Pražské autobusové linky: 102 - Statistics

General Stats
  • This quiz has been taken 4 times
  • The average score is 8 of 13
Answer Stats
% Correct
Kobylisy
100%
Krakov
100%
Sídliště Bohnice
100%
Čimický háj
75%
Šimůnkova
75%
Dunajecká
50%
Na Pazderce
50%
Písečná
50%
Zhořelecká
50%
Bojasova
25%
Kobyliská střelnice
25%
Poliklinika Čumpelíkova
25%
Služská
25%
No matching quizzes found
Score Distribution
Percent of People with Each Score
Percentile by Number Answered
Your Score History
You have not taken this quiz